[Event "Challenge"]
[Site "http://www.queenalice.com/game.php?id=1167547"]
[Date "2013.4.2"]
[Round "-"]
[White "vangogh"]
[Black "Dulce"]
[Result "1-0"]
[WhiteElo "1520"]
[BlackElo "1284"]

1. e4 e5 2. d4 d5 3. dxe5 Qe7 4. Nf3 Nc6 5. exd5 Nd8 6. Bf4 Bf5 7. Bc4 Qb4+ 8.
Nbd2 Qxb2 9. Qc1 Bc5 10. Qxb2 g6 11. Qxb7 Bxc2 12. Qxa8 Ne7 13. Bb5+ Kf8 14.
Qxd8+ Kg7 15. Qxc7 a6 16. Qxc5 axb5 17. Qxe7 g5 18. Nxg5 Kh6 19. Nxf7+ Kg7 20.
Nxh8+ Kxh8 21. Qf8# 1-0

[Event "Challenge"]
[Site "http://www.queenalice.com/game.php?id=1168403"]
[Date "2013.4.5"]
[Round "-"]
[White "Dulce"]
[Black "Oscar1961"]
[Result "0-1"]
[WhiteElo "1277"]
[BlackElo "1313"]

1. e4 e5 2. Nf3 f6 3. Nc3 c6 4. Bc4 Ne7 5. d3 a5 6. O-O b5 7. Be3 a4 8. Bc5 Ng6
9. a3 Bxc5 10. Nh4 Nxh4 11. g3 Ng6 12. Qf3 b4 13. axb4 Bxb4 14. Nxa4 h6 15. Qe3
h5 16. b3 h4 17. Nb6 Rxa1 18. Rxa1 hxg3 19. Qxg3 Nf4 20. Qxg7 Rf8 21. Nxc8 Qxc8
22. Ra8 Bc5 23. Kf1 Qb7 24. Ra1 Nh3 25. Qg4 Nxf2 26. Ke2 Nxg4 27. h3 Nh2 28. h4
f5 29. h5 fxe4 30. dxe4 d6 31. Kd2 Qb4+ 32. Kc1 d5 33. Bd3 Bd4 34. Ra8 Rf1+ 35.
Bxf1 Qe1# 0-1

[Event "Challenge"]
[Site "http://www.queenalice.com/game.php?id=1175675"]
[Date "2013.4.27"]
[Round "-"]
[White "Dulce"]
[Black "gameslang"]
[Result "1-0"]
[WhiteElo "1262"]
[BlackElo "1100"]

1. d4 Nc6 2. Nf3 Nf6 3. e3 e6 4. Ne5 d5 5. Nc3 Bd6 6. Bd3 O-O 7. O-O a5 8. Na4
Nxe5 9. dxe5 Bxe5 10. Qf3 Bd7 11. b3 Bxa1 12. Ba3 b5 13. Nc5 Bc6 14. Rxa1 Qe7
15. e4 dxe4 16. Bxe4 Bxe4 17. Nxe4 b4 18. Bb2 Qd7 19. Nxf6+ gxf6 20. Qg3+ Kh8
21. Bxf6# 1-0

[Event "Challenge"]
[Site "http://www.queenalice.com/game.php?id=1177076"]
[Date "2013.5.1"]
[Round "-"]
[White "Dulce"]
[Black "Oscar1961"]
[Result "1/2-1/2"]
[WhiteElo "1298"]
[BlackElo "1316"]

1. d4 d5 2. Nc3 c6 3. Be3 f6 4. Nf3 Bg4 5. h3 Bxf3 6. exf3 a5 7. Bd3 h5 8. O-O
b5 9. a3 e5 10. dxe5 fxe5 11. Qd2 d4 12. Bg5 Be7 13. h4 b4 14. Bg6+ Kd7 15. Ne4
Bxg5 16. hxg5 Ne7 17. Bf7 Qb6 18. g6 c5 19. axb4 cxb4 20. b3 h4 21. Qg5 h3 22.
gxh3 Rxh3 23. Qg4+ Kc7 24. Qxh3 Qc6 25. Qh4 Nxg6 26. Bxg6 Qxg6+ 27. Kh1 Nc6 28.
Rg1 Qf7 29. Nc5 Rd8 30. Na6+ Kb6 31. Rg2 Qxf3 32. Qg3 Qxg2+ 33. Qxg2 Kxa6 34.
Qxg7 e4 35. Qf6 Kb6 36. Rg1 d3 37. cxd3 exd3 38. Rc1 d2 39. Qxc6+ Ka7 40. Qc7+
Ka6 41. Qxd8 dxc1=Q+ 42. Kg2 Qb2 1/2-1/2

[Event "Challenge"]
[Site "http://www.queenalice.com/game.php?id=1182148"]
[Date "2013.5.17"]
[Round "-"]
[White "Dulce"]
[Black "paolop69"]
[Result "0-1"]
[WhiteElo "1349"]
[BlackElo "1487"]

1. d4 e6 2. Nf3 f6 3. Nc3 d5 4. Bf4 a6 5. e3 Bb4 6. Qd2 Bd7 7. a3 Be7 8. Bd3 Bc6
9. O-O Bd6 10. Bxd6 Qxd6 11. e4 Ne7 12. exd5 Bxd5 13. Qe2 Bxf3 14. Qxf3 Nbc6 15.
Ne4 Qxd4 16. Qe3 Nf5 17. Qxd4 Ncxd4 18. Rfe1 Nd6 19. Nxd6+ cxd6 20. c3 Nb3 21.
Rad1 e5 22. Bc4 Na5 23. Be6 Ke7 24. Bd5 Rab8 25. b4 Nc6 26. Bxc6 bxc6 27. g3 g5
28. c4 Rhd8 29. c5 dxc5 30. bxc5 Rb3 31. a4 Rb4 32. Rxd8 Kxd8 33. Rd1+ Ke7 34.
Rd6 Rxa4 35. Rxc6 Ra5 36. Rc7+ Ke6 37. c6 Kd6 38. Rc8 Rc5 39. c7 Kd7 40. Kf1
Kxc8 41. Ke2 Kxc7 42. Kd3 a5 43. f4 a4 44. fxe5 a3 45. Kd4 Rxe5 46. g4 a2 0-1

[Event "Libero!"]
[Site "http://www.queenalice.com/game.php?id=1182987"]
[Date "2013.5.20"]
[Round "-"]
[White "Dulce"]
[Black "iliov2008"]
[Result "1-0"]
[WhiteElo "1270"]
[BlackElo "1569"]

1. d4 e6 2. Nc3 Nc6 3. e3 Nf6 4. Nf3 Bb4 5. Bd2 Bxc3 6. Bxc3 Ng4 7. Qd2 d6 8. h3
Nh6 9. Bd3 b6 10. b4 g6 11. O-O e5 12. d5 Nb8 13. e4 Bd7 14. a3 f6 15. a4 a6 16.
a5 f5 17. exf5 Rf8 18. Qe3 gxf5 19. Ng5 c6 20. dxc6 Bxc6 21. Nxh7 Rh8 22. Ng5 e4
23. Be2 bxa5 24. Ne6 Qe7 25. Nf4 axb4 26. Bxb4 Nd7 27. Ng6 Qf6 28. g3 Rg8 29.
Nf4 Rb8 30. Qa7 d5 31. Qc7 Bb5 32. Bxb5 Qg7 33. Bd6 Rxb5 34. Rxa6 Rb8 35. Ne6
Qg6 36. Nc5 Nf7 37. Nxd7 Nxd6 38. Qxb8+ Kxd7 39. Ra7+ Ke6 40. Qc7 Nb5 41. Qc6+
Ke5 42. Qxb5 Qe6 43. Ra6 Qe7 44. Rd1 Rd8 45. c4 Qd7 46. Qc5 f4 47. g4 f3 48. Rh6
Rg8 49. Rh5+ Ke6 50. Rhxd5 Qe7 51. Re5+ Kf6 52. Rxe7 Rf8 53. Qe5+ Kg6 54. Rg7+
Kh6 55. Qg5# 1-0

[Event "Challenge"]
[Site "http://www.queenalice.com/game.php?id=1183076"]
[Date "2013.5.20"]
[Round "-"]
[White "Rogerio11"]
[Black "Dulce"]
[Result "1-0"]
[WhiteElo "1332"]
[BlackElo "1313"]

1. e4 e5 2. Bc4 Qe7 3. d3 Nc6 4. Qf3 Nf6 5. c3 d6 6. d4 exd4 7. cxd4 Nxd4 8. Qf4
Be6 9. e5 dxe5 10. Qxe5 Nc6 11. Qg5 Bxc4+ 12. Kd1 O-O-O+ 13. Nd2 h6 14. Qg3 Kb8
15. b3 Ba6 16. Bb2 g5 17. Nf3 1-0

[Event "Challenge"]
[Site "http://www.queenalice.com/game.php?id=1185167"]
[Date "2013.5.27"]
[Round "-"]
[White "iliov2008"]
[Black "Dulce"]
[Result "0-1"]
[WhiteElo "1551"]
[BlackElo "1299"]

1. e4 e5 2. Nf3 Nf6 3. Nc3 Bc5 4. Nb5 d6 5. d3 Ng4 6. Bg5 Qd7 7. Be2 Nxf2 8. Kd2
Nxd1 9. Kxd1 a6 10. Na3 Nc6 11. Nc4 O-O 12. b3 Nd4 13. Nxd4 Bxd4 14. Rc1 f6 15.
Bh4 Qf7 16. Rf1 Be6 17. g3 Bxc4 18. dxc4 Bb2 19. Rb1 Bc3 20. a4 Rad8 21. g4 c5
22. g5 fxg5 23. Bxg5 Qg6 24. Bxd8 Rxd8 25. h3 Qg3 26. h4 Qxh4 27. a5 Qxe4 28.
Bf3 Qd4+ 29. Ke2 Qd2# 0-1

[Event "Challenge"]
[Site "http://www.queenalice.com/game.php?id=1185643"]
[Date "2013.5.29"]
[Round "-"]
[White "iliov2008"]
[Black "Dulce"]
[Result "0-1"]
[WhiteElo "1521"]
[BlackElo "1325"]

1. e4 e5 2. Nf3 Nf6 3. Nc3 Nc6 4. d3 Bc5 5. b3 Nd4 6. g3 d6 7. Nxd4 exd4 8. Na4
O-O 9. Bg5 h6 10. Bxf6 Qxf6 11. Nxc5 dxc5 12. Qg4 Bxg4 13. h3 Bf3 14. Rg1 Bh5
15. g4 Bg6 16. f4 Qxf4 17. Be2 Qh2 18. Rf1 Qxh3 19. Rf3 Qh4+ 20. Rf2 h5 21. gxh5
Bxh5 22. Bxh5 Qxh5 23. Rb1 g6 24. b4 b6 25. e5 Rae8 26. bxc5 b5 27. c3 dxc3 28.
Rc1 Rxe5+ 29. Kf1 Rfe8 30. a3 Re3 31. Rxc3 c6 32. a4 f5 33. axb5 Qh1# 0-1

[Event "Challenge"]
[Site "http://www.queenalice.com/game.php?id=1185901"]
[Date "2013.5.30"]
[Round "-"]
[White "Oscar1961"]
[Black "Dulce"]
[Result "1-0"]
[WhiteElo "1301"]
[BlackElo "1330"]

1. d4 d5 2. e3 c6 3. Be2 Bf5 4. Nf3 e6 5. O-O Bd6 6. a4 Nf6 7. h3 Bc7 8. b3 Ne4
9. Bd3 Nd7 10. Bxe4 dxe4 11. Nfd2 Nb6 12. a5 Qd6 13. g3 Bxh3 14. Nc4 Nxc4 15.
Re1 O-O 16. bxc4 a6 17. Ba3 c5 18. Qh5 Bf5 19. Rd1 Bg6 20. dxc5 Qe7 21. c6 bxc6
22. Bxe7 Bxh5 23. Rd7 Rfe8 24. Rxc7 1-0

[Event "Challenge"]
[Site "http://www.queenalice.com/game.php?id=1186640"]
[Date "2013.6.1"]
[Round "-"]
[White "iliov2008"]
[Black "Dulce"]
[Result "1-0"]
[WhiteElo "1512"]
[BlackElo "1339"]

1. e4 e5 2. Nf3 Nf6 3. Nc3 Nc6 4. b3 Bc5 5. d3 Nd4 6. b4 Bxb4 7. Bb2 d6 8. Nxd4
Be6 9. Nxe6 fxe6 10. a3 Bc5 11. g3 Bd4 12. Nb5 a6 13. Nxc7+ Qxc7 14. Bxd4 exd4
15. f3 O-O 16. f4 e5 17. fxe5 dxe5 18. Bh3 b5 19. a4 Qa5+ 20. Qd2 Qc3 21. Qxc3
dxc3 22. axb5 axb5 23. Rxa8 Rxa8 24. Be6+ Kf8 25. Bd5 Ra1+ 26. Kf2 Ng4+ 27. Kf3
Rxh1 28. Kxg4 h6 29. h4 b4 30. Kf5 b3 31. cxb3 c2 32. Kxe5 c1=Q 33. b4 Qc3+ 34.
Kf4 Qxd3 35. Kf5 Qxg3 36. h5 Rxh5+ 37. Ke6 Qg6+ 38. Kd7 Qe8+ 39. Kc7 Re5 40. Bb3
Rxe4 41. Bd5 1-0

[Event "Challenge"]
[Site "http://www.queenalice.com/game.php?id=1193288"]
[Date "2013.6.22"]
[Round "-"]
[White "edemarc"]
[Black "Dulce"]
[Result "1-0"]
[WhiteElo "1505"]
[BlackElo "1298"]

1. e4 e5 2. f3 f6 3. d3 Bc5 4. Nh3 d6 5. Nc3 Be6 6. Nf2 Nc6 7. Nb5 a6 8. Nc3 Nd4
9. Na4 b5 10. Nc3 Bb4 11. Bd2 Bxc3 12. Bxc3 Ne7 13. Bb4 c5 14. Bd2 O-O 15. c3
Ndc6 16. Be2 c4 17. O-O Ng6 18. h3 f5 19. Qc1 fxe4 20. Nxe4 Bd5 21. Bg5 Bxe4 22.
dxe4 Qe8 23. Qd2 Rd8 24. a4 Rc8 25. axb5 Na5 26. Rxa5 Nh4 27. Bxh4 h6 28. Qd5+
Kh8 29. Rxa6 Qf7 30. Qxd6 Rcd8 31. Bxd8 Qe8 32. Be7 Rf7 33. Bh4 Rd7 34. Qc5 Rd2
35. Bxc4 Rxb2 36. Rfa1 Qh5 37. Ra8+ Kh7 38. Bg8+ Kg6 39. R1a6# 1-0

[Event "Challenge"]
[Site "http://www.queenalice.com/game.php?id=1193289"]
[Date "2013.6.22"]
[Round "-"]
[White "Consultti"]
[Black "Dulce"]
[Result "1-0"]
[WhiteElo "1223"]
[BlackElo "1296"]

1. d4 d5 2. Nc3 Nf6 3. e3 e6 4. a3 a6 5. Na4 b6 6. g3 Nc6 7. Qd3 Bd6 8. Qc3 b5
9. Qxc6+ Bd7 10. Qc3 bxa4 11. Nf3 O-O 12. Bd3 a5 13. Qd2 Re8 14. c3 Ne4 15. Qe2
c5 16. c4 dxc4 17. Bxe4 Bb5 18. Bxa8 Qxa8 19. dxc5 Bxc5 20. O-O Qa6 21. e4 c3
22. Qd1 cxb2 23. Bxb2 Bxf1 24. Qxa4 Bb5 25. Qc2 Be2 26. Qxc5 Bxf3 27. Rf1 Qe2
28. Qc6 1-0

[Event "Vai dar Brasil "]
[Site "http://www.queenalice.com/game.php?id=1195765"]
[Date "2013.6.30"]
[Round "-"]
[White "jw16js"]
[Black "Dulce"]
[Result "1-0"]
[WhiteElo "1452"]
[BlackElo "1308"]

1. d4 d5 2. Nf3 Nc6 3. e3 Bd7 4. Bb5 a6 5. Bxc6 Bxc6 6. Nc3 Nf6 7. Bd2 e6 8. Ne5
Bd6 9. f4 O-O 10. Qf3 Bxe5 11. dxe5 d4 12. Qg3 Be4 13. Nxe4 Nxe4 14. Qf3 Nc5 15.
b4 Nd7 16. exd4 c6 17. f5 Nb6 18. f6 g6 19. Qh3 Qxd4 20. Rd1 Qxe5+ 21. Be3 Nc4
22. Rd3 Qb2 23. Qxh7+ Kxh7 24. O-O Qxc2 25. Rb3 Nb2 26. Bc1 Nd1 27. Rh3+ Kg8 28.
Bh6 Rfe8 29. Bg7 e5 30. Rh8# 1-0

[Event "Challenge"]
[Site "http://www.queenalice.com/game.php?id=1200034"]
[Date "2013.7.15"]
[Round "-"]
[White "MGSCUCIATO"]
[Black "Dulce"]
[Result "0-1"]
[WhiteElo "1430"]
[BlackElo "1290"]

1. e4 e5 2. Qf3 Nf6 3. a4 Nc6 4. h4 Bc5 5. Qc3 d6 6. b3 Nd4 7. b4 Bb6 8. Qc4 O-O
9. d3 Be6 10. Qc3 Nh5 11. a5 Nb5 12. Qd2 Bd4 13. Ra2 Bxa2 14. Na3 Bc3 15. d4
Bxd2+ 16. Kxd2 g6 17. Nxb5 Qf6 18. f3 Qf4+ 19. Kd1 Qg3 20. Ne2 Qf2 21. Nxc7 Nf4
22. Nc3 Qxd4+ 23. Bd2 Rac8 0-1

[Event "Challenge"]
[Site "http://www.queenalice.com/game.php?id=1202770"]
[Date "2013.7.26"]
[Round "-"]
[White "Dulce"]
[Black "aurelianobuendia"]
[Result "0-1"]
[WhiteElo "1315"]
[BlackElo "1546"]

1. d4 d5 2. Nc3 Nf6 3. Nf3 e6 4. Bf4 Bd6 5. Bxd6 Qxd6 6. Ne5 c5 7. Nb5 Qb6 8. a4
cxd4 9. Nxd4 Ne4 10. f3 Qb4+ 11. c3 Qxb2 12. fxe4 Qxc3+ 13. Kf2 f6 14. e3 fxe5
15. Nb5 Rf8+ 16. Kg1 Qxe3# 0-1

[Event "Challenge"]
[Site "http://www.queenalice.com/game.php?id=1204653"]
[Date "2013.8.2"]
[Round "-"]
[White "magalhaes_br"]
[Black "Dulce"]
[Result "1-0"]
[WhiteElo "1417"]
[BlackElo "1312"]

1. e4 e5 2. Nf3 Nf6 3. Nc3 Bc5 4. Qe2 Nc6 5. Qc4 Qe7 6. Ne2 d6 7. Ng3 O-O 8. Nf5
Qe6 9. Qxe6 fxe6 10. Ne3 Bxe3 11. dxe3 Nxe4 12. b3 d5 13. Bd3 Nc3 14. Bb2 d4 15.
exd4 exd4 16. h4 Bd7 17. Kd2 Nd5 18. c4 Nf4 19. Bf1 Nb4 20. a3 Nc6 21. g3 d3 22.
gxf4 e5 23. fxe5 Bg4 24. Nh2 Rxf2+ 25. Kc3 d2 26. Nxg4 Rf3+ 27. Kxd2 Rf4 28. Ne3
Rd8+ 29. Nd5 Rf2+ 30. Kc1 Na5 31. Rb1 Nxb3+ 32. Kd1 Rd2+ 33. Ke1 Rf8 34. Bc1
Rdf2 35. Rxb3 c6 36. Nb4 c5 37. Nd3 1-0

[Event "Challenge"]
[Site "http://www.queenalice.com/game.php?id=1205529"]
[Date "2013.8.6"]
[Round "-"]
[White "Dulce"]
[Black "aurelianobuendia"]
[Result "0-1"]
[WhiteElo "1293"]
[BlackElo "1632"]

1. d4 d5 2. Nc3 Nf6 3. Nf3 Nc6 4. e3 a6 5. Bd3 Bg4 6. O-O Qd6 7. Be2 Bxf3 8.
Bxf3 e5 9. dxe5 Qxe5 10. Re1 Bd6 11. Bd2 O-O 12. Na4 Ne4 13. Bxe4 Qxe4 14. Qf3
Qxa4 15. b3 Qh4 16. e4 Nd4 17. Qg3 Bxg3 18. fxg3 Qf6 19. exd5 Nxc2 20. Rf1 Qd4+
21. Kh1 Qxd2 0-1